000 00359nam a2200133Ia 4500
005 20260328104246.0
008 260328s9999||||xx |||||||||||||| ||und||
100 _aNavarro, José Gabriel
245 0 _aContribuciones a la Historia del Arte en el Ecuador /
_cJosé Gabriel Navarro
250 _a4 Volumen
260 _bRomero
650 _aARTE
942 _cBK
999 _c10077
_d10077